| Поле | Инд. | ПП | Название | Значение |
|---|---|---|---|---|
| Тип записи | a | |||
| Библиографический уровень | b | |||
| 001 | Контрольный номер | RU/IS/BASE/236270051 | ||
| 005 | Дата корректировки | 20200526192508.1 | ||
| 040 | b | Код языка каталог. | rus | |
| e | Правила каталог. | PSBO | ||
| 041 | 0_ | a | Код языка текста | rus |
| 084 | a | Индекс другой классификации/Индекс ББК | 67.02; 60.561.4 | |
| 100 | 1_ | a | Автор | Варданянц Г. К. |
| q | Полное имя | Варданянц Григорий Карлович | ||
| 245 | 10 | a | Заглавие | К вопросу о социальной формуле правового регулирования |
| 504 | a | Библиография | Библиогр. ссылки | |
| 650 | a | Основная рубрика | право | |
| a | Основная рубрика | социология | ||
| a | Основная рубрика | социология права | ||
| 653 | a | Ключевые слова | общественные отношения | |
| a | Ключевые слова | правовая регламентация | ||
| a | Ключевые слова | правоведение | ||
| a | Ключевые слова | правовое регулирование | ||
| a | Ключевые слова | социальное управление | ||
| a | Ключевые слова | социальные нормы | ||
| a | Ключевые слова | социальный контроль | ||
| 773 | 0_ | t | Заглавие источника | Вестник Московского университета. Серия 18, Социология и политология |
| d | Дата издания источника | 2007 | ||
| g | Прочая информация | № 1. - С. 51 - 66 | ||
| w | Контрольный № источника | RU/IS/BASE/228580253 | ||
| 901 | t | Тип документа | b |